| 000 | 01550nam0a2200373 4500 | ||
|---|---|---|---|
| 001 | RU\NLR\bibl\1704065 | ||
| 005 | 20260409080723.0 | ||
| 010 |
_a978-5-7882-0890-9 _9100 |
||
| 021 |
_aRU _b2010-82102 _95470 |
||
| 035 | _a(nilc)RSL-KNO-004759751 | ||
| 035 | _a(NLR Aleph) 001695131 | ||
| 090 |
_a1185424 _c1185424 |
||
| 100 | _a20101025d2010 |||y0rusy50 ca | ||
| 101 | 0 | _arus | |
| 102 | _aRU | ||
| 105 | _ay ||||||||| | ||
| 200 | 1 |
_aКоран: историко-критический анализ _eучебное пособие _e[для студентов высших учебных заведений] _fМ.И. Надеева _gФедер. агентство по образованию, Гос. образоват. учреждение высш. проф. образования "Казан. гос. технол. ун-т" |
|
| 210 |
_aКазань _cКГТУ _d2010 |
||
| 215 |
_a151, [1] с. _d21 |
||
| 320 | _aБиблиогр.: с. 150-152 (61 назв.) | ||
| 500 |
_aКоран _3RU\NLR\auth\559118 _92631165 |
||
| 605 |
_aКоран _jУчебные издания _xИсследование текста _92075602 _3RU\NLR\auth\661250682 |
||
| 686 |
_aЭ38-210.2,0 _2rubbk |
||
| 686 | _aЭ38-210.2 | ||
| 700 | 1 |
_aНадеева _bМ. И. _gМарина Иосифовна _4070 |
|
| 801 | 0 |
_aRU _bРГБ _c20101025 _grcr |
|
| 801 | 1 |
_aRU _bРГБ _c20101025 |
|
| 801 | 2 |
_aRU _bNLR _c20101122 _grcr |
|
| 830 | _aавт. по ЭК | ||
| 942 | _cBOOK | ||
| 980 | _aNB | ||
| 980 | _aNBR | ||